Fundamentals of lithochemistry (Запись № 13339522)

Подробности
000 -МАРКЕР
контрольное поле 01690nam0a2200361 4500
001 - ИДЕНТИФИКАТОР ЗАПИСИ
контрольное поле RU\NLR\BIBL_A\022423798
005 - ИДЕНТИФИКАТОР ВЕРСИИ
контрольное поле 20260406075152.0
010 ## - МЕЖДУНАРОДНЫЙ СТАНДАРТНЫЙ НОМЕР КНИГИ (ISBN)
Номер (ISBN) 978-5-907804-76-0
Тираж 500
035 ## - ДРУГИЕ СИСТЕМНЫЕ НОМЕРА
Идентификатор записи (NLR Aleph) 022423798
100 ## - ДАННЫЕ ОБЩЕЙ ОБРАБОТКИ
Данные общей обработки 20250109d2024 |||y0rusy50 ca
101 1# - ЯЗЫК РЕСУРСА
Язык текста, звукозаписи и т.д. английский
Язык оригинала русский
102 ## - СТРАНА ПУБЛИКАЦИИ ИЛИ ПРОИЗВОДСТВА
Страна публикации российская федерация
105 ## - ПОЛЕ КОДИРОВАННЫХ ДАННЫХ: ТЕКСТОВЫЕ МАТЕРИАЛЫ, МОНОГРАФИЧЕСКИЕ
Кодированные данные о монографическом текстовом документе a z 000yy
181 #0 - ПОЛЕ КОДИРОВАННЫХ ДАННЫХ: ВИД СОДЕРЖАНИЯ
Код вида содержания (ISBD) i3
Код характеристики содержания (ISBD) axxe
182 #0 - ПОЛЕ КОДИРОВАННЫХ ДАННЫХ: ТИП СРЕДСТВА
Код типа средства (ISBD) n - непосредственное
200 1# - ЗАГЛАВИЕ И СВЕДЕНИЯ ОБ ОТВЕТСТВЕННОСТИ
Основное заглавие Fundamentals of lithochemistry
Параллельное заглавие Основы литохимии
Первые сведения об ответственности Ya. E. Judovich, M. Ketris
Последующие сведения об ответственности executive editor: Dr. habil of geology and minerology sciences, Full professor L.V. Makhlaev
-- Russian academy of sciences, Ural branch, Komi scientific center, Institute of geology
Язык параллельного заглавия русский
203 ## - ВИД СОДЕРЖАНИЯ И ТИП СРЕДСТВА
Вид содержания Текст
Дополнительные сведения об издании визуальный
Тип средства непосредственный
210 ## - ПУБЛИКАЦИЯ, РАСПРОСТРАНЕНИЕ И ДР.
Место издания, распространения и т.д. Saint Petersburg
Имя издателя, распространителя и т. д. Naukoemkie technologii
Дата издания, распространения и т.д. 2024
215 ## - ФИЗИЧЕСКАЯ ХАРАКТЕРИСТИКА
Специфическое обозначение материала и объем 480, [1] с.
Другие сведения о физической характеристике ил.
Размеры 22
300 ## - ОБЩИЕ ПРИМЕЧАНИЯ
Текст примечания Авт. также на рус. яз.: Я. Э. Юдович, М. П. Кетрис
320 ## - ПРИМЕЧАНИЯ О НАЛИЧИИ В ДОКУМЕНТЕ БИБЛИОГРАФИИ / УКАЗАТЕЛЯ
Текст примечания Библиогр.: с. 437-478 (363 назв.)
510 1# - ПАРАЛЛЕЛЬНОЕ ЗАГЛАВИЕ
Связь между полями z45790
Параллельное заглавие Основы литохимии
Язык заглавия русский
606 1# - НАИМЕНОВАНИЕ ТЕМЫ КАК ПРЕДМЕТ
Наименование темы Литохимия
Системный номер авторитетной/нормативной записи 2119933
Идентификатор авторитетной/нормативной записи RU\NLR\AUTH\661280237
686 1# - ИНДЕКСЫ ДРУГИХ КЛАССИФИКАЦИЙ
Индекс Д344-43
700 #1 - ИМЯ ЛИЦА - ПЕРВИЧНАЯ ОТВЕТСТВЕННОСТЬ
Материалы, к которым относится поле rus
Графика поля Латинская
Начальный элемент ввода Judovič
Часть имени, кроме начального элемента ввода J. É.
Даты 1937-
Расширение инициалов личного имени Jakov Él'evič
Идентификатор авторитетной/нормативной записи RU\NLR\AUTH\7737175
Системный номер авторитетной/нормативной записи 20164
701 #1 - ИМЯ ЛИЦА - АЛЬТЕРНАТИВНАЯ ОТВЕТСТВЕННОСТЬ
Материалы, к которым относится поле rus
Графика поля Латинская
Начальный элемент ввода Ketris
Часть имени, кроме начального элемента ввода M. P.
Даты 1938-
Расширение инициалов личного имени Marina Petrovna
Идентификатор авторитетной/нормативной записи RU\NLR\AUTH\7737179
Системный номер авторитетной/нормативной записи 20168
790 #1 - ИМЯ ЛИЦА - АЛЬТЕРНАТИВНАЯ ФОРМА
Материалы, к которым относится поле rus
Графика поля Кириллица
Начальный элемент ввода Юдович
Часть имени, кроме начального элемента ввода Я. Э.
Даты 1937-
Расширение инициалов личного имени Яков Эльевич
Идентификатор авторитетной/нормативной записи RU\NLR\AUTH\7737171
Системный номер авторитетной/нормативной записи 20160
790 #1 - ИМЯ ЛИЦА - АЛЬТЕРНАТИВНАЯ ФОРМА
Материалы, к которым относится поле rus
Графика поля Кириллица
Начальный элемент ввода Кетрис
Часть имени, кроме начального элемента ввода М. П.
Даты 1938-
Расширение инициалов личного имени Марина Петровна
Идентификатор авторитетной/нормативной записи RU\NLR\AUTH\7737178
Системный номер авторитетной/нормативной записи 20167
942 ## - ДОПОЛНИТЕЛЬНЫЕ ЭЛЕМЕНТЫ ЗАПИСИ (АБИС)
Тип экземпляра АБИС Книга
980 ## - КОЛЛЕКЦИЯ
Название коллекции Национальная библиография
Экземпляры
Тип экземпляра Дата поступления Источник поступления Библиотека постоянного хранения Библиотека текущего хранения Место хранения Шифр хранения Штрих-код Статус не для выдачи
Книга 09.01.2025 Обязательный экземпляр РНБ (Московский) РНБ (Московский) Иностранный книжный фонд Ик 2025-5/1 1-4840187